000 00664nam a2200241Ia 4500
003 OSt
005 20221005084403.0
006 a|||||r|||| 00| 0
007 ta
008 221004b |||||||| |||| 00| 0 eng d
024 _a99292
037 _cTextual
040 _aCRL
_cCRL
_beng
041 _2eng
_aeng
082 _aO111,3L89,LM, H7;K5
100 _aCooper James Fenimore
245 0 _aLast of the mohicans
260 _aNew York
_bA Terennial Classic U.S.A
_c1965
300 _axxvi, 422p.
_ccm.
650 _aENGLISH LITERATURE
942 _hO111,3L89,LM, H7;K5
_cTEXL
_2cc
999 _c992511
_d992511